Dopasuj władce do państwa - Statystyki

Ogólne statystyki
  • Ten quiz został rozwiązany 17 razy
  • Średni wynik to 7 z 14
Statystyki odpowiedzi
Hint Odpowiedź % Poprawnych
Mikołaj II Carstwo Rosyjskie
94%
Ludwik XIV Francja
88%
Hatszepsut Egipt
76%
Justynian I Wielki Bizancjum
65%
Kserkses I Persja
65%
Stefan I Węgry
59%
Maria Teresa Święte Cesarstwo Rzymskie
53%
Wilhelm III Holandia
41%
Baldvin IV Królestwo Jerozolimskie
41%
Pedro II (Piotr II) Brazylia
35%
Pachacutec Imperium Inków
35%
Aszurbanipal Asyria
24%
Enrico Dandolo Republika Wenecji
24%
Askia Songhaj
12%
Nie znaleziono quizów pasujących do podanych kryteriów
Rozkład punktacji
Procent ludzi z każdym wynikiem
Percentyl według liczby udzielonych odpowiedzi
Twoja historia wyników
Nie rozwiązałeś tego quizu